000 02446cam a2200241 4500500
005 20260111094139.0
041 _afre
042 _adc
100 1 0 _aFanica, Olivier
_eauthor
245 0 0 _aLa production de veau blanc pour Paris
260 _c2001.
500 _a21
520 _aRésuméLa production de « veau blanc » pour la boucherie parisienne en Pays d’Auge, a perdu de l’importance au début du xviiie siècle, se déplaçant vers l’Île-de-France. Le « veau de Pontoise » devint une activité rémunératrice pour les agriculteurs du Vexin : ils élevaient des vaches normandes et importaient des jeunes veaux d’une à deux semaines pour les engraisser. En 1839 avec l’arrivée du chemin de fer à Saint-Germain-en-Laye, les agriculteurs vendent à des prix plus avantageux leur lait en nature et la production vitelline périclite au profit du Gâtinais et de la Brie. La réputation du « veau du Gâtinais » va en croissant. Vers 1870, cette activité diminue, également en raison du chemin de fer. Dès la fin du xixe siècle, la production de « veau blanc » se déplace vers la Champagne : aujourd’hui, elle a disparu de la Région parisienne.
520 _aThe raising of « white calves » for Paris butchers lost its prominent place in the Pays d’Auge at the beginning of the 18th century, moving to the Paris area itself. The « Pontoise calf » became a profitable activity of farmers in the Vexin ; they raised Normandy cows, and bought and fattened young calves one or two weeks old. When the rail line to Saint-Germain-en-Laye was opened in 1839, farmers started to get better prices for their raw milk, and calf raising went into decline, moving out to the Gâtinais and Brie areas. The fame of the « Gâtinais calf » grew, but around 1870 its production was also declining again because of the arrival of railroads. As early as the end of the 19th century, the raising of « white calves » had moved toward Champagne ; today this type of activity has entirely disappeared from the Paris area.
690 _alait
690 _amarché parisien
690 _aveau blanc
690 _amilk
690 _aParis market
690 _awhite calves
786 0 _nHistoire & Sociétés Rurales | 15 | 1 | 2001-03-01 | p. 105-130 | 1254-728X
856 4 1 _uhttps://shs.cairn.info/revue-histoire-et-societes-rurales-2001-1-page-105?lang=fr&redirect-ssocas=7080
999 _c1628109
_d1628109